Hình Học 12 : Sách giáo viên

Nội dung giới thiệu khối đa diện và thể tích của chúng, mặt cầu, mặt trụ, mặt nón, phương pháp toạ độ trong không gian.

Đã lưu trong:
Sonraí Bibleagrafaíochta
Príomhúdar: Trần, Văn Hạo
Formáid: Leabhar
Teanga:Undetermined
Foilsithe: Hà Nội Giáo dục Việt Nam 2013
Ábhair:
Clibeanna: Cuir Clib Leis
Gan Chlibeanna, Bí ar an gcéad duine leis an taifead seo a chlibeáil!
Thư viện lưu trữ: Trung tâm Học liệu Trường Đại học Cần Thơ
LEADER 00857nam a2200229Ia 4500
001 CTU_236670
008 210402s9999 xx 000 0 und d
020 |c 5800 
082 |a 516.00712 
082 |b H108 
100 |a Trần, Văn Hạo 
245 0 |a Hình Học 12 : 
245 0 |b Sách giáo viên 
245 0 |c Trần Văn Hạo (Tổng chủ biên) 
260 |a Hà Nội 
260 |b Giáo dục Việt Nam 
260 |c 2013 
520 |a Nội dung giới thiệu khối đa diện và thể tích của chúng, mặt cầu, mặt trụ, mặt nón, phương pháp toạ độ trong không gian. 
650 |a Geometry,Hình học 
650 |x Study and teaching (Secondary),Dạy và học (Trung học) 
904 |i Hải 
980 |a Trung tâm Học liệu Trường Đại học Cần Thơ